Rumunsko-český a česko-rumunský kapesní slovník
Salvato in:
| Autori principali: | , , |
|---|---|
| Natura: | Libro |
| Lingua: | ceco rumeno |
| Pubblicazione: |
Praha :
Státní pedagogické nakladatelství,
1980
|
| Edizione: | 3. vyd. |
| Tags: |
Nessun Tag, puoi essere il primo ad aggiungerne!!
|
MARC
| LEADER | 00000nam a22000003a 4500 | ||
|---|---|---|---|
| 001 | stu143331 | ||
| 005 | 20150617225952.1 | ||
| 008 | 070718s1980----cs------------------cze-d | ||
| 040 | |a STU |b slo | ||
| 041 | 0 | |a cze |a rum | |
| 044 | |a cs | ||
| 080 | |a 801.323.2=590=850=850=590 | ||
| 100 | 1 | |a Felix, Jiří |4 aut | |
| 245 | 1 | |a Rumunsko-český a česko-rumunský kapesní slovník | |
| 250 | |a 3. vyd. | ||
| 260 | |a Praha : |b Státní pedagogické nakladatelství, |c 1980 | ||
| 300 | |a 519 s | ||
| 700 | 1 | |a Křečan, Antonín |4 aut | |
| 700 | 1 | |a Bláha, J. |4 aut | |
| 996 | |b 284V028851 |c V*26593/E-1193 |l VVT |s A |a 24 |w stu143331_0001 | ||